Oxford handbook of international relations (Record no. 768888)

MARC details
000 -LEADER
fixed length control field 00745nam a2200253Ia 4500
003 - CONTROL NUMBER IDENTIFIER
control field OSt
005 - DATE AND TIME OF LATEST TRANSACTION
control field 20220928121957.0
008 - FIXED-LENGTH DATA ELEMENTS--GENERAL INFORMATION
fixed length control field 220927b |||||||| |||| 00| 0 eng d
037 ## - SOURCE OF ACQUISITION
Terms of availability Textual
040 ## - CATALOGING SOURCE
Original cataloging agency SDCL
Transcribing agency SDCL
Language of cataloging eng
041 ## - LANGUAGE CODE
Source of code eng
Language code of text/sound track or separate title eng
100 ## - MAIN ENTRY--PERSONAL NAME
Personal name Reus-Smit Christian Ed.
9 (RLIN) 455228
245 #0 - TITLE STATEMENT
Title Oxford handbook of international relations
260 ## - PUBLICATION, DISTRIBUTION, ETC.
Place of publication, distribution, etc. Oxford
Name of publisher, distributor, etc. Oxford University Press
Date of publication, distribution, etc. 2008
300 ## - PHYSICAL DESCRIPTION
Extent xiii,772p
Dimensions cm.
650 ## - SUBJECT ADDED ENTRY--TOPICAL TERM
Topical term or geographic name entry element International Relations
9 (RLIN) 432297
700 ## - ADDED ENTRY--PERSONAL NAME
Personal name Snidal Duncan Ed.
9 (RLIN) 455229
942 ## - ADDED ENTRY ELEMENTS (KOHA)
Classification part V1:19g, P8
Koha item type Textual
Source of classification or shelving scheme Colon Classification (CC)
Holdings
Withdrawn status Lost status Damaged status Not for loan Home library Current library Date acquired Total Checkouts Full call number Barcode Date last seen Date last checked out Price effective from Koha item type
        South Campus Library South Campus Library 2022-09-28 1 V1:19g P8 SC1307378 2025-08-11 2025-06-19 2022-09-28 Textual
Copyright @ Delhi University Library System